000
003010000a22001450004500
003
MACL
040
_a
MACL
090
_c
8162
_d
8161
100
_a
Hariharananda, Paramahsa
245
_a
Kriya Yoga
260
_b
Motilal Banarsidass
_c
2008
350
_a
295
650
_a
Philosophy
942
_c
BOOK
_k
100
999
_c
8112
_d
8112